Statistics for Flaggor: Europa

Click here to take the quiz!

General Stats

  • This quiz has been taken 796 times
  • The average score is 36 of 45

Answer Stats

Answer% Correct
Italien
98%
Danmark
97%
Finland
97%
Island
97%
Norge
97%
Sverige
97%
Tyskland
97%
Frankrike
96%
Grekland
95%
Irland
95%
Spanien
95%
Storbritannien
92%
Ryssland
90%
Nederländerna
89%
Polen
88%
Portugal
86%
Estland
85%
Ukraina
85%
Albanien
84%
Lettland
84%
Belgien
83%
Österrike
81%
Kroatien
80%
Litauen
78%
Malta
78%
Nordmakedonien
78%
Slovakien
77%
Luxemburg
76%
Tjeckien
76%
Belarus
75%
Rumänien
75%
Schweiz
75%
Bulgarien
74%
Slovenien
74%
Ungern
74%
Serbien
71%
Bosnien & Herzegovina
70%
Vatikanstaten
69%
Kosovo
68%
Andorra
67%
Monaco
67%
San Marino
67%
Moldavien
63%
Montenegro
58%
Lichtenstein
35%

Score Distribution

Percentile by Number Answered

Percent of People with Each Score

Your Score History

You have not taken this quiz